000 00323nam a22001457a 4500
008 230721b ||||| |||| 00| 0 eng d
020 _a9780336041220
041 _aeng
080 _a521
082 _a521PED
100 _a19
101 _aASTRO
245 _aEARLY PHYSICS & ASTRONOMY
_cPEDERSEN . O
942 _2udc
_cBK
999 _c60192
_d60192